[Event "European Club Cup 2002"]
[Site "Halkidiki"]
[Date "2002.09.25"]
[Round "4"]
[White "Nevednichy, Vladislav"]
[Black "Cela, Shkelqim"]
[Result "1-0"]
[WhiteElo "2537"]
[BlackElo "2000"]
[PlyCount "69"]
[EventDate "2002.09.22"]

1. e4 c5 2. Nf3 e6 3. d4 cxd4 4. Nxd4 Nf6 5. Nc3 d6 6. g4 h6 7. h3 Nc6 8. Be3
a6 9. f4 Bd7 10. Bg2 Rc8 11. Qd2 b5 12. a3 Qc7 13. Nb3 Be7 14. O-O-O b4 15.
axb4 Nxb4 16. Kb1 a5 17. Nd4 a4 18. Ndb5 Bxb5 19. Nxb5 Qxc2+ 20. Qxc2 Rxc2 21.
Bd2 Rc4 22. Rc1 Rc5 23. Bxb4 Rxb5 24. Rc8+ Kd7 25. Rxh8 Rxb4 26. Ra8 Nxe4 27.
Ra7+ Kd8 28. Bxe4 Rxe4 29. Rc1 Bf6 30. Rcc7 Re1+ 31. Ka2 Bd4 32. Rd7+ Ke8 33.
Re7+ Kd8 34. Rad7+ Kc8 35. Rxf7 1-0

[Event "European Club Cup 2002"]
[Site "Halkidiki"]
[Date "2002.09.25"]
[Round "4"]
[White "Dal Borgo, Albin"]
[Black "Rubio Tapia, Jose J"]
[Result "1-0"]
[WhiteElo "2000"]
[BlackElo "2000"]
[PlyCount "81"]
[EventDate "2002.09.22"]

1. d4 Nf6 2. Bg5 g6 3. Bxf6 exf6 4. e3 Bg7 5. g3 O-O 6. c4 d6 7. Bg2 Nd7 8. Nc3
Nb6 9. b3 Qe7 10. Nge2 c5 11. O-O Bg4 12. Qd2 Rad8 13. Nf4 Rfe8 14. h3 Bc8 15.
a4 f5 16. a5 Nd7 17. Ncd5 Qg5 18. Nc7 Re7 19. Nfd5 Re4 20. Bxe4 fxe4 21. h4 Qg4
22. Ne7+ Kh8 23. Nxc8 Rxc8 24. Nb5 Bf8 25. Kh2 Nf6 26. f3 exf3 27. Qf2 a6 28.
Nc3 cxd4 29. exd4 Bg7 30. Rad1 Qh5 31. Qxf3 Qxa5 32. Qxb7 Re8 33. Qf3 h5 34.
Kg2 Ng4 35. Rfe1 Rxe1 36. Rxe1 Bxd4 37. Qxf7 Ne5 38. Qf8+ Kh7 39. Ne4 Nf3 40.
Ng5+ Nxg5 41. Re7+ 1-0

[Event "European Club Cup 2002"]
[Site "Halkidiki"]
[Date "2002.09.25"]
[Round "4"]
[White "Dibala, Radovan"]
[Black "Tucker, Alex"]
[Result "1/2-1/2"]
[WhiteElo "2000"]
[BlackElo "2199"]
[PlyCount "25"]
[EventDate "2002.09.22"]

1. c4 e5 2. Nc3 d6 3. g3 f5 4. d3 Nf6 5. Bg2 c6 6. e3 Be7 7. Nge2 O-O 8. O-O
Na6 9. a3 Be6 10. b4 Nc7 11. Bb2 Qd7 12. Qc2 Bf7 13. Rad1 1/2-1/2

[Event "European Club Cup 2002"]
[Site "Halkidiki"]
[Date "2002.09.25"]
[Round "4"]
[White "Lauterbach, Ingrid"]
[Black "Petko, Vladimir"]
[Result "1-0"]
[WhiteElo "2142"]
[BlackElo "2000"]
[PlyCount "113"]
[EventDate "2002.09.22"]

1. Nf3 d5 2. g3 e6 3. Bg2 c5 4. d3 Nf6 5. Nbd2 Nc6 6. O-O Be7 7. e4 dxe4 8.
dxe4 e5 9. c3 O-O 10. Qc2 Qc7 11. Nc4 Be6 12. Ne3 Rfd8 13. Ng5 Qc8 14. Nxe6
Qxe6 15. Nd5 Rac8 16. Bg5 h6 17. Bxf6 Bxf6 18. Rad1 g6 19. Nxf6+ Qxf6 20. Bh3
Rxd1 21. Rxd1 Rd8 22. Rd5 Qe7 23. Qd2 Kg7 24. Bf1 a6 25. a4 h5 26. Bc4 Qf6 27.
Qe3 b6 28. Bxa6 Na5 29. Qd3 Rxd5 30. Qxd5 Nc6 31. Bb5 Ne7 32. Qd3 h4 33. b4
hxg3 34. hxg3 cxb4 35. cxb4 Nc8 36. a5 Qe7 37. Qc3 Na7 38. Ba4 bxa5 39. bxa5 f6
40. Qc4 Qb7 41. Bb3 Nb5 42. Qg8+ Kh6 43. Qh8+ Qh7 44. Qxf6 Nd4 45. Qh4+ Kg7 46.
Qxh7+ Kxh7 47. Bd5 Nb5 48. f4 exf4 49. gxf4 Kg7 50. Kf2 Kf6 51. Ke3 Ke7 52. e5
Nc7 53. Kd4 Kd8 54. Kc5 Kc8 55. Bf7 Kb7 56. e6 Na6+ 57. Kd6 1-0

[Event "European Club Cup 2002"]
[Site "Halkidiki"]
[Date "2002.09.25"]
[Round "4"]
[White "Stassen, Walter"]
[Black "Trevelyan, John"]
[Result "0-1"]
[WhiteElo "2000"]
[BlackElo "2207"]
[PlyCount "74"]
[EventDate "2002.09.22"]

1. e4 d6 2. d4 e5 3. Nf3 Nd7 4. Bc4 c6 5. O-O Be7 6. Nc3 Ngf6 7. dxe5 dxe5 8.
a4 h6 9. Qe2 Qc7 10. h3 Nf8 11. Be3 g5 12. Nxe5 Qxe5 13. f4 gxf4 14. Bxf4 Qh5
15. Qxh5 Nxh5 16. Be5 Bc5+ 17. Kh2 f6 18. Bxf6 Nxf6 19. Rxf6 Bd4 20. Rf3 Ne6
21. e5 Rf8 22. Rd3 Bxc3 23. Rxc3 Bd7 24. Rd1 Ke7 25. Rcd3 Rad8 26. a5 Bc8 27.
Rxd8 Rxd8 28. Bxe6 Bxe6 29. Rxd8 Kxd8 30. g4 Bf7 31. Kg3 Bg6 32. c3 Ke7 33. Kf4
Ke6 34. h4 Bb1 35. b4 a6 36. h5 Bc2 37. c4 Bb1 0-1

[Event "European Club Cup 2002"]
[Site "Halkidiki"]
[Date "2002.09.25"]
[Round "4"]
[White "Ahern, John"]
[Black "Borg, A."]
[Result "0-1"]
[WhiteElo "2000"]
[BlackElo "2124"]
[PlyCount "84"]
[EventDate "2002.09.22"]

1. d4 d5 2. c4 e6 3. Nc3 c6 4. cxd5 exd5 5. Nf3 Bd6 6. Bg5 f6 7. Bh4 Bf5 8. e3
Qb6 9. Qd2 Ne7 10. Be2 Nd7 11. O-O O-O 12. Rac1 a5 13. Na4 Qa7 14. a3 b5 15.
Nc3 Nb6 16. Na2 Nc4 17. Bxc4 bxc4 18. Bg3 Bxg3 19. hxg3 Rfb8 20. Nc3 Bd3 21.
Rfe1 Qb6 22. Na4 Qb5 23. Nc5 Bg6 24. Re2 Nf5 25. Nh4 Nxh4 26. gxh4 Re8 27. Qc3
Re7 28. b3 cxb3 29. Rb2 a4 30. Nxb3 axb3 31. Rxb3 Qc4 32. Qb2 Qa4 33. Rcc3 Be8
34. Rb6 Qd1+ 35. Kh2 Qg4 36. g3 Kf7 37. Qb4 Raa7 38. a4 Qf3 39. Rc2 Bd7 40. a5
h5 41. a6 Bh3 42. Kxh3 Qh1# 0-1

[Event "European Club Cup 2002"]
[Site "Halkidiki"]
[Date "2002.09.25"]
[Round "4"]
[White "Fletcher, J."]
[Black "Smith, Derek"]
[Result "1-0"]
[WhiteElo "2000"]
[BlackElo "2000"]
[PlyCount "107"]
[EventDate "2002.09.22"]

1. d4 Nf6 2. Nc3 g6 3. e4 d6 4. Be2 Bg7 5. g4 c5 6. g5 Nfd7 7. d5 a6 8. a4 Qc7
9. h4 O-O 10. h5 c4 11. Be3 Nc5 12. Bd4 Nbd7 13. Bxg7 Kxg7 14. Qd4+ Kg8 15. Rd1
Rb8 16. Bxc4 Ne5 17. Be2 b5 18. axb5 axb5 19. Nxb5 Rxb5 20. Bxb5 Qa5+ 21. b4
Qxb5 22. bxc5 Bg4 23. cxd6 exd6 24. Ra1 Nf3+ 25. Nxf3 Bxf3 26. c4 Qb4+ 27. Kf1
Bxh1 28. h6 f6 29. gxf6 Qb8 30. f4 Bxe4 31. Qxe4 Rxf6 32. Kg1 Qf8 33. c5 dxc5
34. Qe5 Rxf4 35. Ra8 Rf1+ 36. Kg2 Rf2+ 37. Kg1 Rf1+ 38. Kg2 Rf2+ 39. Kh1 Rf1+
40. Kh2 Rf2+ 41. Kh1 Rf1+ 42. Kh2 Rf2+ 43. Kh3 Rf3+ 44. Kh4 Rf4+ 45. Kh3 Rf3+
46. Kh4 Rf4+ 47. Kg3 Rf3+ 48. Kg4 Rf4+ 49. Kg3 Rf3+ 50. Kg4 Rf4+ 51. Qxf4 Qxa8
52. Qe5 Qf8 53. Kg3 Qf5 54. Qg7# 1-0

[Event "European Club Cup 2002"]
[Site "Halkidiki"]
[Date "2002.09.25"]
[Round "4"]
[White "Whelan, Niall"]
[Black "Davies, Peter L"]
[Result "0-1"]
[WhiteElo "2000"]
[BlackElo "2058"]
[PlyCount "58"]
[EventDate "2002.09.22"]

1. c4 Nf6 2. d4 e6 3. Nc3 c5 4. Bg5 Qb6 5. e3 Qxb2 6. Bxf6 Qxc3+ 7. Ke2 gxf6 8.
Rc1 Qa5 9. Qc2 cxd4 10. exd4 Nc6 11. Nf3 Nb4 12. Qc3 Qxa2+ 13. Nd2 Qa5 14. g4
d5 15. c5 Nc6 16. Qxa5 Nxa5 17. f4 e5 18. f5 h5 19. Bh3 e4 20. Nxe4 dxe4 21. d5
b6 22. c6 Ba6+ 23. Ke3 Bh6+ 24. Kxe4 Bxc1 25. Rxc1 Ke7 26. Kf4 hxg4 27. Bxg4
Kd6 28. h3 Rae8 29. Kg3 Re5 0-1

[Event "European Club Cup 2002"]
[Site "Halkidiki"]
[Date "2002.09.25"]
[Round "4"]
[White "Steedman, James"]
[Black "Gretarsson, Andri Ass"]
[Result "1/2-1/2"]
[WhiteElo "2000"]
[BlackElo "2313"]
[PlyCount "54"]
[EventDate "2002.09.22"]

1. d4 Nf6 2. c4 g6 3. Nc3 Bg7 4. e4 d6 5. Be2 c5 6. d5 e6 7. Nf3 exd5 8. cxd5
a6 9. a4 O-O 10. O-O Re8 11. Nd2 Nbd7 12. f3 Rb8 13. Kh1 b6 14. Nc4 Ne5 15. Ne3
Qc7 16. Ra3 c4 17. f4 Ned7 18. e5 dxe5 19. d6 Qc5 20. fxe5 Rxe5 21. Nxc4 Re6
22. b4 Qxb4 23. Rb3 Qc5 24. Ba3 Qg5 25. Bc1 Qc5 26. Ba3 Qg5 27. Bc1 Qc5 1/2-1/2

[Event "European Club Cup 2002"]
[Site "Halkidiki"]
[Date "2002.09.26"]
[Round "5.99"]
[White "Stisis, Yaacov"]
[Black "Fletcher, J."]
[Result "1-0"]
[WhiteElo "2405"]
[BlackElo "2000"]
[PlyCount "75"]
[EventDate "2002.09.22"]

1. e4 c5 2. Nf3 Nc6 3. Bb5 g6 4. Bxc6 dxc6 5. O-O Bg7 6. Re1 Qc7 7. h3 h5 8. d3
Bg4 9. Nbd2 Rd8 10. e5 Rd4 11. Nc4 Bxf3 12. Qxf3 Nh6 13. Bxh6 Rxh6 14. Nd6+
Rxd6 15. exd6 Qxd6 16. c3 e6 17. Re4 f5 18. Ra4 a6 19. Qe3 Kf7 20. Ra5 Rh8 21.
Qxc5 Qc7 22. Ra4 b6 23. Qe3 a5 24. Re1 Re8 25. Rc4 b5 26. Rc5 Qd6 27. d4 a4 28.
Qf3 Rc8 29. g4 hxg4 30. hxg4 Bf6 31. Kg2 b4 32. a3 bxa3 33. bxa3 Qc7 34. gxf5
gxf5 35. Qh5+ Ke7 36. Qxf5 Rg8+ 37. Kf1 Qc8 38. Qe4 1-0

[Event "European Club Cup 2002"]
[Site "Halkidiki"]
[Date "2002.09.26"]
[Round "5.99"]
[White "Goossens, Etienne"]
[Black "Cela, Shkelqim"]
[Result "1-0"]
[WhiteElo "2189"]
[BlackElo "2000"]
[PlyCount "75"]
[EventDate "2002.09.22"]

1. e4 c5 2. Nf3 e6 3. d4 cxd4 4. Nxd4 Nf6 5. Nc3 d6 6. Be3 a6 7. f4 Qc7 8. Qf3
Nbd7 9. g4 b5 10. Bd3 Nc5 11. g5 Nfd7 12. O-O b4 13. Nce2 Bb7 14. f5 Ne5 15.
Qh3 exf5 16. exf5 O-O-O 17. Nf4 Kb8 18. g6 Re8 19. gxf7 Qxf7 20. Nfe6 Ncxd3 21.
cxd3 g6 22. Rac1 gxf5 23. Rxf5 Qg6+ 24. Rg5 Qxd3 25. Rc7 Qd1+ 26. Kf2 Nd3+ 27.
Kg3 Qe1+ 28. Kg4 Ne5+ 29. Rxe5 h5+ 30. Kf5 Qb1+ 31. Kf6 dxe5 32. Rxb7+ Kxb7 33.
Qf3+ e4 34. Qf5 Be7+ 35. Ke5 Qd3 36. Qf7 Qc4 37. Nd8+ Ka7 38. Qxc4 1-0

[Event "European Club Cup 2002"]
[Site "Halkidiki"]
[Date "2002.09.26"]
[Round "5.99"]
[White "Adhami, Vangjel"]
[Black "Dal Borgo, Albin"]
[Result "1/2-1/2"]
[WhiteElo "2282"]
[BlackElo "2000"]
[PlyCount "53"]
[EventDate "2002.09.22"]

1. e4 c5 2. Nf3 e6 3. d4 cxd4 4. Nxd4 Nc6 5. Nc3 a6 6. a3 Qc7 7. Be2 b5 8. O-O
Bb7 9. Kh1 Nf6 10. f4 d6 11. Bf3 Nd7 12. Nb3 Be7 13. Be3 O-O 14. Qe1 Rac8 15.
Qg3 Bf6 16. Rad1 Rfd8 17. Qh3 Nb6 18. f5 Nc4 19. Bc1 Qe7 20. fxe6 fxe6 21. Bg4
Re8 22. Qg3 N6e5 23. Bh3 Kh8 24. Qe1 Nc6 25. Rf3 Be5 26. Qe2 Rf8 27. Rdf1
1/2-1/2

[Event "European Club Cup 2002"]
[Site "Halkidiki"]
[Date "2002.09.26"]
[Round "5.99"]
[White "Timoscenko, Gennadij"]
[Black "Stassen, Walter"]
[Result "1-0"]
[WhiteElo "2508"]
[BlackElo "2000"]
[PlyCount "48"]
[EventDate "2002.09.22"]

1. d4 Nf6 2. c4 e6 3. Nf3 b6 4. Nc3 Bb4 5. Qb3 c5 6. Bg5 Bb7 7. e3 d6 8. Bd3
O-O 9. O-O-O h6 10. Bh4 Nbd7 11. Bb1 Bxc3 12. Qxc3 Rc8 13. d5 e5 14. g4 e4 15.
g5 hxg5 16. Nxg5 Ne5 17. Qc2 Qd7 18. f4 Ng6 19. Be1 Ng4 20. Qe2 f5 21. Rg1 b5
22. Ne6 Rf6 23. h3 Nh6 24. Qh5 Kh7 1-0

[Event "European Club Cup 2002"]
[Site "Halkidiki"]
[Date "2002.09.26"]
[Round "5.99"]
[White "Kajan, Milan"]
[Black "Ahern, John"]
[Result "1/2-1/2"]
[WhiteElo "2099"]
[BlackElo "2000"]
[PlyCount "122"]
[EventDate "2002.09.22"]

1. e4 c5 2. c3 d6 3. d4 Nf6 4. dxc5 dxc5 5. Qxd8+ Kxd8 6. e5 Nd5 7. Bc4 Be6 8.
Nf3 Nc6 9. O-O Nc7 10. Rd1+ Ke8 11. Bxe6 Nxe6 12. Be3 g6 13. Na3 Bg7 14. Rd5
Nc7 15. Rxc5 Ne6 16. Rb5 Rb8 17. Rd1 a6 18. Rbd5 b5 19. Nc2 Rc8 20. Ncd4 Nexd4
21. Bxd4 e6 22. Rc5 Bf8 23. Ng5 Bxc5 24. Bxc5 Nxe5 25. Bd4 Rd8 26. Rf1 f6 27.
Nxe6 Rd6 28. Nc5 Kf7 29. f4 Nc6 30. Ne4 Rd7 31. Bxf6 Ra8 32. Bh4 h6 33. h3 Kg7
34. g4 Rd3 35. Kg2 Re3 36. Nc5 Re2+ 37. Rf2 Rxf2+ 38. Kxf2 Re8 39. Nxa6 Ra8 40.
Nc5 Rxa2 41. Nd3 b4 42. Ke3 bxc3 43. bxc3 Ra4 44. Bf2 Na5 45. Nc5 Ra2 46. Ne4
Ra4 47. Kd3 Kf7 48. h4 h5 49. gxh5 gxh5 50. f5 Nc6 51. Bg3 Ne7 52. f6 Nf5 53.
Bf2 Ra2 54. c4 Rxf2 55. Nxf2 Kxf6 56. Ne4+ Ke7 57. c5 Nxh4 58. Ng3 Kd7 59. Nxh5
Kc6 60. Kc4 Ng6 61. Ng3 Ne5+ 1/2-1/2

[Event "European Club Cup 2002"]
[Site "Halkidiki"]
[Date "2002.09.26"]
[Round "5.99"]
[White "Smith, Derek"]
[Black "Dibala, Radovan"]
[Result "1-0"]
[WhiteElo "2000"]
[BlackElo "2000"]
[PlyCount "113"]
[EventDate "2002.09.22"]

1. Nf3 e6 2. g3 d5 3. Bg2 c5 4. d3 Nf6 5. O-O Be7 6. Nbd2 O-O 7. e4 Nc6 8. Re1
Qc7 9. e5 Nd7 10. Qe2 Nb4 11. Nf1 d4 12. h4 Rb8 13. N1h2 Re8 14. a3 Nd5 15. Ng4
f5 16. exf6 N7xf6 17. Ng5 Bd6 18. Ne4 Nxg4 19. Qxg4 e5 20. Qh5 g6 21. Qe2 Bf8
22. h5 Be6 23. hxg6 hxg6 24. Ng5 Bf7 25. Nxf7 Qxf7 26. Bg5 Bg7 27. Qe4 Nf6 28.
Qh4 Nh5 29. Re4 Bf6 30. Rg4 Re6 31. Bd5 Rbe8 32. Bxe6 Rxe6 33. Re4 Ng7 34. Bxf6
Rxf6 35. Re2 Rf5 36. Qd8+ Kh7 37. Qh4+ Rh5 38. Qe4 Ne6 39. f4 b6 40. Rh2 Rxh2
41. Kxh2 exf4 42. gxf4 Qxf4+ 43. Qxf4 Nxf4 44. Re1 Nd5 45. Re5 Ne3 46. Re7+ Kh6
47. c3 Nd5 48. Rxa7 dxc3 49. bxc3 Nxc3 50. a4 Nd5 51. Rd7 Nc3 52. d4 Nxa4 53.
d5 c4 54. Rc7 Nc5 55. d6 c3 56. d7 c2 57. d8=Q 1-0

[Event "European Club Cup 2002"]
[Site "Halkidiki"]
[Date "2002.09.26"]
[Round "5.99"]
[White "Petko, Vladimir"]
[Black "Whelan, Niall"]
[Result "1-0"]
[WhiteElo "2000"]
[BlackElo "2000"]
[PlyCount "57"]
[EventDate "2002.09.22"]

1. e4 d5 2. exd5 Nf6 3. d4 Nxd5 4. c4 Nb6 5. Be3 Bf5 6. Nc3 e6 7. a3 N8d7 8.
Bd3 Qf6 9. Bxf5 Qxf5 10. Qe2 Be7 11. Nf3 c5 12. O-O e5 13. d5 a6 14. Rfd1 Bd6
15. Nh4 Qf6 16. Ne4 Qxh4 17. Nxd6+ Kf8 18. g3 Qh3 19. Nxb7 Rc8 20. Nd6 Rc7 21.
Ne4 f6 22. Rac1 h5 23. b4 h4 24. Nxc5 hxg3 25. fxg3 Kf7 26. Rf1 Ke7 27. Rf2 Nf8
28. Ne4 Nc8 29. c5 1-0

[Event "European Club Cup 2002"]
[Site "Halkidiki"]
[Date "2002.09.27"]
[Round "6.99"]
[White "Dal Borgo, Albin"]
[Black "Porrasmaa, Timo"]
[Result "1/2-1/2"]
[WhiteElo "2000"]
[BlackElo "2216"]
[PlyCount "31"]
[EventDate "2002.09.22"]

1. d4 d6 2. e4 Nf6 3. Nc3 g6 4. Nf3 Bg7 5. Bf4 O-O 6. Qd2 Nc6 7. d5 e5 8. Be3
Ne7 9. h3 Ne8 10. Bd3 f5 11. Qe2 c6 12. Bc4 fxe4 13. Nd2 Qa5 14. Nb3 Qd8 15.
Nd2 Qa5 16. Nb3 1/2-1/2

[Event "European Club Cup 2002"]
[Site "Halkidiki"]
[Date "2002.09.27"]
[Round "6.99"]
[White "Boeykens, Marc"]
[Black "Fletcher, J."]
[Result "1/2-1/2"]
[WhiteElo "2240"]
[BlackElo "2000"]
[PlyCount "80"]
[EventDate "2002.09.22"]

1. e4 c5 2. Nf3 Nc6 3. d4 cxd4 4. Nxd4 Nf6 5. Nc3 e5 6. Ndb5 d6 7. Bg5 a6 8.
Na3 b5 9. Nd5 Be7 10. Bxf6 Bxf6 11. c3 Bg5 12. Nc2 O-O 13. a4 bxa4 14. Rxa4 Bb7
15. Bc4 Kh8 16. O-O f5 17. exf5 Rxf5 18. Bd3 Rf8 19. Qh5 Bh6 20. Nce3 Ne7 21.
Nxe7 Qxe7 22. Rh4 e4 23. Bc2 Qe8 24. Rd1 Qxh5 25. Rxh5 Bf4 26. Rf5 Bxe3 27.
Rxf8+ Rxf8 28. fxe3 d5 29. Bb3 g6 30. Bxd5 Bxd5 31. Rxd5 Rb8 32. b4 Kg7 33. Kf2
Rc8 34. Rd6 Rxc3 35. Rxa6 Rb3 36. Rb6 g5 37. b5 h5 38. h3 Rb2+ 39. Kf1 Rb1+ 40.
Kf2 Rb2+ 1/2-1/2

[Event "European Club Cup 2002"]
[Site "Halkidiki"]
[Date "2002.09.27"]
[Round "6.99"]
[White "Schammo, Jean"]
[Black "Dibala, Radovan"]
[Result "1/2-1/2"]
[WhiteElo "2000"]
[BlackElo "2000"]
[PlyCount "38"]
[EventDate "2002.09.22"]

1. c4 e5 2. Nc3 Nf6 3. g3 Be7 4. Bg2 O-O 5. e3 c5 6. Nge2 d6 7. O-O Nc6 8. Nd5
Rb8 9. Nec3 Bf5 10. d3 Re8 11. e4 Be6 12. Be3 Bxd5 13. Nxd5 Nxd5 14. exd5 Nd4
15. Bxd4 exd4 16. Re1 Bg5 17. Be4 g6 18. h4 Bh6 19. h5 Qg5 1/2-1/2

[Event "European Club Cup 2002"]
[Site "Halkidiki"]
[Date "2002.09.27"]
[Round "6.99"]
[White "Petko, Vladimir"]
[Black "Simon, Bernard"]
[Result "1/2-1/2"]
[WhiteElo "2000"]
[BlackElo "2000"]
[PlyCount "27"]
[EventDate "2002.09.22"]

1. d4 Nf6 2. c4 g6 3. Nc3 Bg7 4. g3 d6 5. Bg2 O-O 6. Nf3 Nc6 7. O-O Re8 8. e4
Bg4 9. Be3 e5 10. d5 Nd4 11. Re1 Qd7 12. Bg5 Nh5 13. Qd3 h6 14. Bd2 1/2-1/2

[Event "European Club Cup 2002"]
[Site "Halkidiki"]
[Date "2002.09.27"]
[Round "6.99"]
[White "Stassen, Walter"]
[Black "Harestad, Thor Geir"]
[Result "1/2-1/2"]
[WhiteElo "2000"]
[BlackElo "2222"]
[PlyCount "81"]
[EventDate "2002.09.22"]

1. e4 c5 2. d3 g6 3. g3 Bg7 4. Bg2 Nc6 5. f4 d6 6. Nf3 e6 7. O-O Nge7 8. c3 O-O
9. Na3 Rb8 10. Kh1 b5 11. Nc2 b4 12. c4 f5 13. Ne3 Nd4 14. Nxd4 Bxd4 15. g4 Bb7
16. Qe1 Bg7 17. Rb1 Qd7 18. Qg3 Rf7 19. h4 Kh8 20. b3 fxg4 21. Qxg4 Nc6 22. Bh3
Nd4 23. h5 Rf6 24. Qh4 gxh5 25. Bb2 Qf7 26. Bxd4 cxd4 27. Nc2 Rg6 28. f5 exf5
29. Bxf5 Rh6 30. Nxb4 Bf6 31. Qf4 Bg7 32. Nd5 Bxd5 33. cxd5 Qe7 34. Rbc1 Be5
35. Qf2 Rf8 36. Rc2 h4 37. Rfc1 Qg5 38. Rc8 Rhf6 39. Rxf8+ Rxf8 40. Rc7 Bg7 41.
Qg2 1/2-1/2

[Event "European Club Cup 2002"]
[Site "Halkidiki"]
[Date "2002.09.27"]
[Round "6.99"]
[White "Ahern, John"]
[Black "Vestly, Jan Vidar"]
[Result "0-1"]
[WhiteElo "2000"]
[BlackElo "2123"]
[PlyCount "54"]
[EventDate "2002.09.22"]

1. d4 Nf6 2. c4 c5 3. d5 b5 4. cxb5 d6 5. g3 g6 6. Bg2 Bg7 7. Nc3 a6 8. bxa6
Bxa6 9. Nf3 O-O 10. O-O Nbd7 11. Re1 Qc7 12. e4 Ng4 13. Bf1 Bxf1 14. Kxf1 Qa5
15. h3 Nge5 16. Nxe5 Nxe5 17. Kg2 Qa6 18. Qe2 Nd3 19. Rd1 c4 20. Be3 Rfb8 21.
Rab1 Rb7 22. Qc2 Rab8 23. b3 Nb4 24. Qd2 Bxc3 25. Qxc3 Nxa2 26. Qd4 cxb3 27.
Rd3 Rb4 0-1

[Event "European Club Cup 2002"]
[Site "Halkidiki"]
[Date "2002.09.27"]
[Round "6.99"]
[White "Steedman, James"]
[Black "Smith, Derek"]
[Result "1/2-1/2"]
[WhiteElo "2000"]
[BlackElo "2000"]
[PlyCount "92"]
[EventDate "2002.09.22"]

1. d4 Nf6 2. c4 g6 3. Nc3 Bg7 4. e4 d6 5. Be2 O-O 6. Nf3 e5 7. O-O Nc6 8. d5
Ne7 9. b4 Nh5 10. Re1 f5 11. c5 Nf6 12. Ng5 h6 13. Ne6 Bxe6 14. dxe6 d5 15.
exd5 Nexd5 16. Qb3 c6 17. Bc4 Qe7 18. Nxd5 Nxd5 19. Bxd5 cxd5 20. Qxd5 Rad8 21.
Qb3 Rfe8 22. Bb2 Qxe6 23. Qxe6+ Rxe6 24. Rad1 Ree8 25. Kf1 e4 26. Bxg7 Kxg7 27.
Ke2 Kf6 28. a4 a6 29. b5 axb5 30. axb5 Ke5 31. f3 Rd5 32. Rc1 Rc8 33. fxe4 fxe4
34. c6 Rxb5 35. c7 Rb6 36. Red1 Rc6 37. Rxc6 bxc6 38. Rd7 c5 39. Ke3 c4 40. Kd2
Ke6 41. Rg7 g5 42. Rh7 Ke5 43. Rd7 Kf4 44. Rf7+ Ke5 45. Rd7 Kf4 46. Rf7+ Ke5
1/2-1/2

[Event "European Club Cup 2002"]
[Site "Halkidiki"]
[Date "2002.09.27"]
[Round "6.99"]
[White "Whelan, Niall"]
[Black "Haugen, Arild"]
[Result "1/2-1/2"]
[WhiteElo "2000"]
[BlackElo "2000"]
[PlyCount "104"]
[EventDate "2002.09.22"]

1. c4 b6 2. d4 e6 3. Nc3 Bb7 4. d5 exd5 5. cxd5 Bb4 6. e4 Nf6 7. Bg5 h6 8. Bxf6
Qxf6 9. Qc2 O-O 10. Bd3 c6 11. dxc6 Nxc6 12. Nf3 Rac8 13. O-O Ne5 14. Nxe5 Qxe5
15. Rac1 Bxc3 16. bxc3 Rc7 17. f4 Qc5+ 18. Qf2 Rfc8 19. e5 Qxf2+ 20. Rxf2 Rxc3
21. Rxc3 Rxc3 22. Bf5 Rc1+ 23. Rf1 Rxf1+ 24. Kxf1 Bd5 25. a3 Bc6 26. g3 Kf8 27.
Ke2 Ke7 28. Ke3 d6 29. Kd4 dxe5+ 30. fxe5 g6 31. Bc8 f5 32. exf6+ Kxf6 33. h4
Bf3 34. Bd7 h5 35. Bc8 g5 36. hxg5+ Kxg5 37. Bd7 Kf6 38. Bc8 Bc6 39. Bh3 Bf3
40. Bd7 Bg4 41. Bc6 Be6 42. Bf3 Bg4 43. Bc6 Ke6 44. Be4 Kd6 45. Ba8 a5 46. Bb7
b5 47. Be4 a4 48. Bg6 Kc6 49. Be4+ Kb6 50. Bg6 Kc6 51. Be4+ Kd6 52. Bg6 Kc6
1/2-1/2

[Event "European Club Cup 2002"]
[Site "Halkidiki"]
[Date "2002.09.28"]
[Round "7.99"]
[White "Dibala, Radovan"]
[Black "Bezold, Michael"]
[Result "0-1"]
[WhiteElo "2000"]
[BlackElo "2468"]
[PlyCount "58"]
[EventDate "2002.09.22"]

1. c4 c5 2. g3 Nf6 3. Bg2 e6 4. Nc3 a6 5. d3 Nc6 6. e3 Rb8 7. a4 d5 8. Nge2
dxc4 9. Bxc6+ bxc6 10. dxc4 Bd6 11. O-O e5 12. Qc2 O-O 13. e4 Bh3 14. Rd1 Ne8
15. f4 Qe7 16. f5 Bc7 17. Be3 g6 18. Bh6 Ng7 19. g4 Qh4 20. g5 gxf5 21. Ng3 f4
22. Nf5 Nxf5 23. exf5 Qg4+ 24. Kh1 Qf3+ 25. Kg1 Qg4+ 26. Kh1 Qf3+ 27. Kg1 Bxf5
28. Qxf5 Rxb2 29. Qe4 Qf2+ 0-1

[Event "European Club Cup 2002"]
[Site "Halkidiki"]
[Date "2002.09.28"]
[Round "7.99"]
[White "Novkovic, Milan"]
[Black "Petko, Vladimir"]
[Result "1-0"]
[WhiteElo "2375"]
[BlackElo "2000"]
[PlyCount "93"]
[EventDate "2002.09.22"]

1. d4 e6 2. c4 d5 3. Nc3 c6 4. e4 dxe4 5. Nxe4 Nf6 6. Nxf6+ Qxf6 7. Nf3 Nd7 8.
Bd3 h6 9. O-O Bd6 10. Qe2 O-O 11. Qe4 Qf5 12. Qxf5 exf5 13. Bxf5 Nf6 14. Bxc8
Raxc8 15. Be3 Rfe8 16. Rfd1 Re7 17. h3 Bb8 18. Rd3 Rd8 19. Rad1 Red7 20. Kf1
Ne4 21. Ke2 f6 22. Nh4 Nd6 23. b3 g5 24. Nf3 Ne4 25. g4 Kf7 26. Ne1 Ke6 27. f3
Nd6 28. d5+ cxd5 29. Rxd5 Nf7 30. Rxd7 Rxd7 31. Rxd7 Kxd7 32. Nc2 b6 33. Nd4
Bd6 34. Nf5 Bf8 35. Bd4 Ke6 36. Kd3 Nd8 37. Ke4 Nc6 38. Bc3 Nd8 39. Nd4+ Kf7
40. Kd5 a6 41. Be1 Bc5 42. Nf5 Kg6 43. b4 Bf8 44. c5 bxc5 45. bxc5 Kf7 46. c6
Ne6 47. Bg3 1-0

[Event "European Club Cup 2002"]
[Site "Halkidiki"]
[Date "2002.09.28"]
[Round "7.99"]
[White "Weisbuch, Udi"]
[Black "Dal Borgo, Albin"]
[Result "1/2-1/2"]
[WhiteElo "2306"]
[BlackElo "2000"]
[PlyCount "54"]
[EventDate "2002.09.22"]

1. e4 c5 2. Nf3 e6 3. d3 d5 4. Nbd2 Nf6 5. g3 Nc6 6. Bg2 Be7 7. O-O b6 8. Re1
Bb7 9. c3 Qc7 10. a3 h6 11. h4 O-O-O 12. Qe2 Rdg8 13. e5 Nd7 14. h5 g6 15. hxg6
Rxg6 16. Nf1 h5 17. b4 h4 18. Bf4 hxg3 19. Bxg3 Qd8 20. bxc5 Nxc5 21. Nd4 Qg8
22. a4 Rgh6 23. f4 Rg6 24. Qf3 Bh4 25. Bxh4 Rxh4 26. Ra2 Qh7 27. Re3 Rgg4
1/2-1/2

[Event "European Club Cup 2002"]
[Site "Halkidiki"]
[Date "2002.09.28"]
[Round "7.99"]
[White "Saastamoinen, Aarne"]
[Black "Bjornsson, Gunnar"]
[Result "1/2-1/2"]
[WhiteElo "2172"]
[BlackElo "2000"]
[PlyCount "225"]
[EventDate "2002.09.22"]

1. e4 c5 2. Nf3 d6 3. d4 cxd4 4. Nxd4 Nf6 5. Nc3 g6 6. Be3 Bg7 7. f3 Nc6 8. Qd2
O-O 9. Bc4 Bd7 10. O-O-O Rc8 11. Bb3 Ne5 12. h4 h5 13. Bg5 Nh7 14. Bh6 Bxh6 15.
Qxh6 Rxc3 16. bxc3 Qc7 17. Kb1 Nc4 18. Rd3 e5 19. Ne2 Bb5 20. Rhd1 a5 21. a4
Ba6 22. f4 Na3+ 23. Ka2 Nc4 24. Rd5 Nf6 25. fxe5 Nxd5 26. Rxd5 dxe5 27. g4 Qe7
28. Qc1 Qxh4 29. Rc5 Qxg4 30. Rxc4 Qxe2 31. Rc7 Qxe4 32. Qh6 Qf5 33. Kb2 Qf6
34. Bxf7+ Rxf7 35. Rc8+ Rf8 36. Rxf8+ Qxf8 37. Qxg6+ Kh8 38. Qxh5+ Kg7 39. Qg5+
Kf7 40. Qxe5 Qd8 41. Qf5+ Ke7 42. Qe5+ Kd7 43. Qf5+ Kc6 44. Kc1 Qd5 45. Qf6+
Kc7 46. Qf4+ Qd6 47. Qe4 Kb8 48. Qe8+ Ka7 49. Qe3+ Qb6 50. Qf4 Qc5 51. Kb2 Bc4
52. Qg4 Bd5 53. Qf5 Qc4 54. Qe5 Qc5 55. Qg5 Ka6 56. Qe5 Ka7 57. Qg5 Qb6+ 58.
Kc1 Bc6 59. Qf4 Qc5 60. Kb2 Qd5 61. Qe3+ Ka6 62. Qe2+ Kb6 63. Qe3+ Qc5 64. Qf4
Qe7 65. Qd4+ Ka6 66. Qc4+ Ka7 67. Qd4+ Ka8 68. Qb6 Qe5 69. Kb3 Kb8 70. Kb2 Bxa4
71. Qf2 Bc6 72. Qd2 a4 73. Ka3 Qc5+ 74. Kb2 Bd5 75. Qf4+ Ka7 76. Qxa4+ Kb6 77.
Qf4 Bc6 78. Qh4 Qb5+ 79. Kc1 Qa4 80. Qf2+ Ka6 81. Qe2+ Qb5 82. Qe7 Qc4 83. Kb2
Qe4 84. Qd6 b6 85. Qd2 Ba4 86. Qd1 Qe5 87. Qg4 Qb5+ 88. Kc1 Qc6 89. Kb2 b5 90.
Qf5 Kb6 91. Qf4 Qc7 92. Qf6+ Ka5 93. Qd4 Qe7 94. Qd5 Kb6 95. Qd4+ Kc6 96. Qh8
Qe6 97. Qa8+ Kc5 98. Qa7+ Kd5 99. Qb7+ Ke5 100. Qb8+ Ke4 101. Qb7+ Ke3 102.
Qa7+ Ke2 103. Qh7 Qe5 104. Qd3+ Ke1 105. Ka3 Qh2 106. c4 Bxc2 107. Qc3+ Kd1
108. Qd4+ Ke2 109. cxb5 Qg3+ 110. Kb4 Qb3+ 111. Kc5 Bd3 112. Qe5+ Kd2 113. Kb6
1/2-1/2